000 00487nam a22001817a 4500
003 CEME
005 20210628205516.0
008 210305b xxu||||| |||| 00| 0 eng d
020 _a0-471-59082-7
040 _c.
082 _a620.104 RIL'E
100 _aFarrow, William C
_975835
245 _aEngineering mechanics dynamics study guide to accompany
260 _aNEWYORK
_bJOHN WILEY
_c1993
300 _a121P
650 _aENGINEERING MECHANICS.DYNAMICS
_93079
942 _cBK
_2ddc
999 _c581248
_d581248